000 00659cam a22002418i 4500
999 _c12843
_d12843
003 OSt
005 20240730162425.0
008 160205s2016 enk b 001 0 eng
020 _a9781472578242 (pbk. : alk. paper)
040 _aDLC
_beng
_cDLC
_erda
042 _apcc
082 0 0 _a658.5/75
_223
100 1 _aMorris, Richard,
_d1962-
_eauthor.
245 1 4 _aThe fundamentals of product design /
_cRichard Morris.
250 _aSecond edition.
263 _a1610
300 _apages cm.
490 0 _aFundamentals
504 _aIncludes bibliographical references and index.
650 0 _aProduct design.
650 0 _aNew products.
942 _2ddc